[Event "BCF-chT3Sc 1516 (4NCL)"]
[Site "England"]
[Date "2016.05.01"]
[Round "10.79"]
[White "Paul, Nathanael"]
[Black "Webster, Paul"]
[Result "0-1"]
[WhiteElo "2027"]
[BlackElo "1972"]
[PlyCount "72"]
[EventDate "2016.03.20"]
[EventType "team-swiss"]
[EventRounds "11"]
[EventCountry "ENG"]
[SourceTitle "EXT 2017"]
[Source "ChessBase"]
[SourceDate "2016.10.25"]
[SourceVersion "1"]
[SourceVersionDate "2016.10.25"]
[SourceQuality "1"]
[WhiteTeam "Shropshire"]
[BlackTeam "Warwicks Select II"]
[WhiteTeamCountry "ENG"]
[BlackTeamCountry "ENG"]

1. e4 d6 2. d4 Nf6 3. Nc3 g6 4. Nf3 Bg7 5. Bd3 0-0 6. 0-0 Nc6 7. h3 e5 8. Be3 Nh5 9. dxe5 dxe5 10. Qd2 Nd4 11. Bxd4 exd4 12. Ne2 c5 13. g4 Nf6 14. Ng3 Nd7 15. Nh2 Ne5 16. f4 c4 17. Be2 d3 18. cxd3 Nxd3 19. Bxd3 Qxd3 20. Qxd3 cxd3 21. Rad1 b6 22. e5 Bb7 23. Rf2 Rfd8 24. Rfd2 Bf8 25. a3 Bc5+ 26. Kf1 Be3 27. Ke1 Bxd2+ 28. Kxd2 Rac8 29. Ke3 Rc2 30. Rd2 Rxd2 31. Kxd2 Bg2 32. h4 Kf8 33. Ngf1 Rd4 34. Ne3 Rxf4 35. Kxd3 Bb7 36. Nhf1 Rxf1 0-1

[Event "BCF-chT3Sb 1516 (4NCL)"]
[Site "England"]
[Date "2016.02.13"]
[Round "5.128"]
[White "Adebajo, Olufemi"]
[Black "Webster, Paul"]
[Result "1/2-1/2"]
[WhiteElo "1954"]
[BlackElo "1970"]
[PlyCount "137"]
[EventDate "2015.11.14"]
[EventType "team-swiss"]
[EventRounds "7"]
[EventCountry "ENG"]
[SourceTitle "EXT 2017"]
[Source "ChessBase"]
[SourceDate "2016.10.25"]
[SourceVersion "1"]
[SourceVersionDate "2016.10.25"]
[SourceQuality "1"]
[WhiteTeam "MK Phoenix II"]
[BlackTeam "Warwicks Select II"]
[WhiteTeamCountry "ENG"]
[BlackTeamCountry "ENG"]

1. e4 d6 2. d4 Nf6 3. Nc3 g6 4. Bg5 a6 5. Qd2 h6 6. Bh4 g5 7. Bg3 Nh5 8. 0-0-0 Bg7 9. Qe3 Nxg3 10. hxg3 Nc6 11. Kb1 b5 12. f4 Bg4 13. Nf3 e6 14. Be2 b4 15. Na4 Qe7 16. fxg5 hxg5 17. Rxh8+ Bxh8 18. e5 d5 19. Rh1 Bg7 20. Nc5 Nb8 21. Bd1 Bxf3 22. Bxf3 Nd7 23. Nd3 0-0-0 24. Qd2 Bf8 25. c3 a5 26. cxb4 axb4 27. Rc1 f6 28. Qc2 c5 29. Nxb4 Nb8 30. exf6 Qxf6 31. dxc5 Bg7 32. c6 Kc7 33. a3 Rd6 34. Ka2 Qd4 35. Be2 Rd8 36. Rd1 Qe5 37. Rf1 Rf8 38. Rxf8 Bxf8 39. Qh7+ Bg7 40. Qc2 Qd4 41. Bb5 Qe5 42. Nd3 Qd4 43. Nc5 Qe5 44. a4 Qd6 45. Qf2 Qe7 46. Qc2 Be5 47. Nd3 Bd6 48. Qc3 e5 49. Qb3 e4 50. Ne1 Nxc6 51. Bxc6 Kxc6 52. Qb5+ Kc7 53. Qxd5 e3 54. g4 e2 55. Qa5+ Kc8 56. Qa8+ Kd7 57. Qb7+ Bc7 58. Qd5+ Ke8 59. Qc6+ Kd8 60. Qc3 Qe4 61. Qd3+ Qxd3 62. Nxd3 Bg3 63. b4 e1Q 64. Nxe1 Bxe1 65. Kb3 Kc7 66. Kc4 Kb6 67. Kb3 Bd2 68. Kc4 Be1 69. Kb3 1/2-1/2

[Event "Birmingham 4NCL op-B 7th"]
[Site "Birmingham"]
[Date "2016.01.30"]
[Round "2"]
[White "Webster, Paul"]
[Black "Burrows, Nick"]
[Result "1/2-1/2"]
[WhiteElo "1970"]
[BlackElo "1839"]
[PlyCount "79"]
[EventDate "2016.01.29"]
[EventType "swiss"]
[EventRounds "5"]
[EventCountry "ENG"]
[SourceTitle "CBM 170 Extra"]
[Source "ChessBase"]
[SourceDate "2016.02.25"]
[SourceVersion "1"]
[SourceVersionDate "2016.02.25"]
[SourceQuality "1"]

1. d4 g6 2. Nf3 Bg7 3. g3 d6 4. Bg2 Nd7 5. 0-0 e5 6. Nc3 Ngf6 7. e4 0-0 8. dxe5 dxe5 9. Qe2 c6 10. b3 Qc7 11. Ba3 Re8 12. Rfd1 Qa5 13. Bb2 Nf8 14. h3 Be6 15. Na4 N6d7 16. Bc3 Qc7 17. Nb2 a5 18. Kh2 f6 19. a4 Nc5 20. Nc4 b6 21. Bb2 Red8 22. Ba3 Nfd7 23. Ne1 Bf8 24. Ne3 Na6 25. Bxf8 Nxf8 26. Rxd8 Qxd8 27. Rd1 Qe7 28. Qd3 Kf7 29. Nc4 Bxc4 30. Qxc4+ Qe6 31. Qc3 Nc5 32. Bf1 Kg7 33. Qe3 Qe7 34. Bc4 Rd8 35. Nd3 Nxd3 36. Rxd3 Rxd3 37. Bxd3 Nd7 38. Bc4 Qc5 39. Qxc5 Nxc5 40. f3 1/2-1/2

[Event "Birmingham 4NCL op-B 1st"]
[Site "Birmingham"]
[Date "2015.01.31"]
[Round "2"]
[White "French, Max"]
[Black "Webster, Paul"]
[Result "0-1"]
[WhiteElo "1763"]
[BlackElo "1992"]
[PlyCount "132"]
[EventDate "2015.01.30"]
[EventType "swiss"]
[EventRounds "5"]
[EventCountry "ENG"]
[SourceTitle "EXT 2023"]
[Source "ChessBase"]
[SourceDate "2022.10.05"]
[SourceVersion "1"]
[SourceVersionDate "2022.10.05"]
[SourceQuality "1"]

1. d4 Nf6 2. c4 g6 3. Nc3 d5 4. cxd5 Nxd5 5. e4 Nxc3 6. bxc3 Bg7 7. Bc4 0-0 8. Ne2 c5 9. 0-0 Qc7 10. Qc2 Nd7 11. Be3 Nb6 12. Bb3 c4 13. Ba4 a6 14. a3 Nd7 15. Qb2 b5 16. Bc2 Nb6 17. h3 Bd7 18. Rfd1 e6 19. Bf4 Qc8 20. Bd6 Re8 21. Rd2 Qc6 22. Bh2 Qc8 23. Bd6 Bf8 24. Be5 Bc6 25. f3 Be7 26. Bf4 Ra7 27. g4 Rd7 28. Ng3 Qd8 29. Rh2 Bh4 30. Kg2 Na4 31. Bxa4 bxa4 32. Qc1 Rb7 33. Rb1 Rb3 34. Rxb3 axb3 35. Qb2 Bg5 36. Bxg5 Qxg5 37. Kf2 Qf4 38. Rh1 Bd7 39. Rd1 Bc6 40. Qd2 Qxd2+ 41. Rxd2 Rb8 42. Rb2 Rb5 43. Nf1 Ra5 44. Nd2 Rxa3 45. Nxc4 Ra2 46. Rd2 Bb5 47. Nb2 a5 48. c4 Bd7 49. Ke3 a4 50. Kd3 a3 51. Kc3 Rxb2 52. Rxb2 axb2 53. Kxb2 Ba4 54. f4 Kf8 55. h4 f6 56. d5 e5 57. fxe5 fxe5 58. g5 Ke7 59. c5 Kd7 60. Kc1 Bb5 61. Kb2 Bd3 62. Kxb3 Bxe4 63. Kc4 Bf3 64. d6 Bc6 65. Kb4 Ke6 66. Kc4 Bd7 0-1

[Event "Birmingham 4NCL op-B 1st"]
[Site "Birmingham"]
[Date "2015.01.30"]
[Round "1"]
[White "Webster, Paul"]
[Black "Pozimski, Szymon"]
[Result "0-1"]
[WhiteElo "1992"]
[BlackElo "1846"]
[PlyCount "202"]
[EventDate "2015.01.30"]
[EventType "swiss"]
[EventRounds "5"]
[EventCountry "ENG"]
[SourceTitle "EXT 2023"]
[Source "ChessBase"]
[SourceDate "2022.10.05"]
[SourceVersion "1"]
[SourceVersionDate "2022.10.05"]
[SourceQuality "1"]

1. d4 b6 2. c4 Bb7 3. Nc3 Nf6 4. Nf3 g6 5. Qc2 d5 6. cxd5 Nxd5 7. Nxd5 Bxd5 8. e4 Bb7 9. Bc4 e6 10. Bg5 Bb4+ 11. Kf1 Be7 12. h4 Nd7 13. Re1 0-0 14. Bh6 Re8 15. Rh3 Nf6 16. Bg5 c6 17. Bd3 Rc8 18. Qe2 Qc7 19. Bxf6 Bxf6 20. e5 Be7 21. h5 Kg7 22. Qe3 Rh8 23. h6+ Kf8 24. Ng5 Bxg5 25. Qxg5 Qe7 26. Qf4 Ke8 27. Be4 Rc7 28. Rc1 Kd7 29. Rhc3 Rhc8 30. Qf3 Ba6+ 31. Kg1 c5 32. dxc5 Rxc5 33. Rxc5 Rxc5 34. Rxc5 bxc5 35. Qa3 Qh4 36. Qxa6 Qxe4 37. Qxa7+ Ke8 38. Qxc5 Qb1+ 39. Kh2 Qxb2 40. a3 Qe2 41. Qe3 Qh5+ 42. Qh3 Qxe5+ 43. g3 Qc5 44. Qg2 Qxa3 45. Qc6+ Ke7 46. Qc7+ Ke8 47. Qf4 Qb2 48. Qa4+ Ke7 49. Qa7+ Kf6 50. Qe3 Qe5 51. Qd2 Qh5+ 52. Kg1 g5 53. Qd8+ Kg6 54. Qg8+ Kxh6 55. Qf8+ Kg6 56. Qg8+ Kf6 57. Qd8+ Kg7 58. Qd4+ f6 59. Qd7+ Qf7 60. Qd4 Qc7 61. Qb4 h6 62. Qa4 Qc1+ 63. Kg2 Qc7 64. Kg1 Qe7 65. Qa8 h5 66. Qf3 Qf7 67. Qe4 Kh6 68. Qa8 Qg7 69. Qe8 e5 70. Qc8 Qe7 71. Qg8 e4 72. Qh8+ Kg6 73. Qg8+ Kf5 74. Qc8+ Qe6 75. Qc5+ Kg6 76. Qe3 Qg4 77. Qb3 Qc8 78. Qd5 Qe8 79. Qc4 Kf5 80. Qd5+ Qe5 81. Qd7+ Kg6 82. Qd8 Kf5 83. Qd7+ Qe6 84. Qb5+ Kg6 85. Qe2 f5 86. Qd2 h4 87. gxh4 gxh4 88. Qf4 Qf6 89. Kh2 Qg5 90. Qd6+ Kh5 91. Qe5 Kg4 92. Qa1 Qf4+ 93. Kg1 Kh3 94. Qf1+ Kg4 95. Qg2+ Kh5 96. Kh1 Qf3 97. Qxf3+ exf3 98. Kg1 Kg5 99. Kh1 Kf4 100. Kg1 Ke4 101. Kh2 Kd3 0-1

[Event "BCF-chT3 1213 (4NCL)"]
[Site "England"]
[Date "2013.05.04"]
[Round "9.107"]
[White "Stille, Alexander"]
[Black "Webster, Paul"]
[Result "1/2-1/2"]
[WhiteElo "2071"]
[BlackElo "2001"]
[PlyCount "51"]
[EventDate "2012.11.03"]
[EventType "team-swiss"]
[EventRounds "11"]
[EventCountry "ENG"]
[SourceTitle "EXT 2014"]
[Source "ChessBase"]
[SourceDate "2013.11.20"]
[SourceVersion "1"]
[SourceVersionDate "2013.11.20"]
[SourceQuality "1"]
[WhiteTeam "BCM Rhinos II"]
[BlackTeam "Warwicks Select II"]
[WhiteTeamCountry "ENG"]
[BlackTeamCountry "ENG"]

1. d4 Nf6 2. c4 e6 3. g3 Bb4+ 4. Nd2 0-0 5. Bg2 d5 6. Ngf3 Nbd7 7. 0-0 c6 8. Qc2 Bd6 9. Rd1 Qe7 10. b3 Bc7 11. a4 Re8 12. Bb2 e5 13. cxd5 Nxd5 14. Ba3 Nb4 15. Qc3 a5 16. Nc4 e4 17. Nfe5 Nxe5 18. dxe5 Bg4 19. Nd6 Qxe5 20. Bxb4 Bxd6 21. Rxd6 axb4 22. Qxe5 Rxe5 23. Rad1 Rae8 24. R1d4 Bxe2 25. Rxb4 Ba6 26. Rxe4 1/2-1/2

[Event "BCF-chT3S 1213 (4NCL)"]
[Site "England"]
[Date "2013.02.24"]
[Round "6.108"]
[White "Rumsey, Victor B"]
[Black "Webster, Paul"]
[Result "1-0"]
[WhiteElo "1869"]
[BlackElo "2001"]
[PlyCount "81"]
[EventDate "2012.11.03"]
[EventType "team-swiss"]
[EventRounds "6"]
[EventCountry "ENG"]
[SourceTitle "EXT 2014"]
[Source "ChessBase"]
[SourceDate "2013.11.20"]
[SourceVersion "1"]
[SourceVersionDate "2013.11.20"]
[SourceQuality "1"]
[WhiteTeam "Celtic Tigers"]
[BlackTeam "Warwicks Select II"]
[WhiteTeamCountry "ENG"]
[BlackTeamCountry "ENG"]

1. d4 Nf6 2. c4 e6 3. g3 Bb4+ 4. Bd2 Qe7 5. Bg2 0-0 6. Nc3 c6 7. Nf3 d6 8. a3 Ba5 9. 0-0 Nbd7 10. b4 Bc7 11. e4 e5 12. Re1 Re8 13. h3 Nf8 14. Be3 Bd7 15. Qb3 Ne6 16. d5 Nf8 17. Nd2 Qd8 18. Kh2 cxd5 19. exd5 Nh5 20. c5 f5 21. Nc4 Qf6 22. c6 Bc8 23. Nb5 Qe7 24. Nxe5 a6 25. Nxc7 Qxc7 26. Nd3 Nf6 27. a4 Ne4 28. b5 bxc6 29. dxc6+ Be6 30. Qc2 Nd7 31. Rec1 axb5 32. axb5 Nb6 33. Nb4 Nc4 34. Bd4 Na3 35. Qb2 Nxb5 36. Na6 Rxa6 37. Rxa6 Nxd4 38. Qxd4 Nc5 39. Ra3 Nb3 40. Rxb3 Bxb3 41. Rb1 1-0

[Event "BCF-chT3 1112 (4NCL)"]
[Site "England"]
[Date "2012.03.31"]
[Round "7.143"]
[White "Henbest, Kevin B"]
[Black "Webster, Paul"]
[Result "0-1"]
[WhiteElo "1725"]
[BlackElo "2015"]
[PlyCount "92"]
[EventDate "2011.11.12"]
[EventType "team-swiss"]
[EventRounds "11"]
[EventCountry "ENG"]
[SourceTitle "EXT 2013"]
[Source "ChessBase"]
[SourceDate "2012.11.22"]
[SourceVersion "1"]
[SourceVersionDate "2012.11.22"]
[SourceQuality "1"]
[WhiteTeam "Oxford III"]
[BlackTeam "Warwicks Select II"]
[WhiteTeamCountry "ENG"]
[BlackTeamCountry "ENG"]

1. e4 d6 2. d4 g6 3. Nc3 Bg7 4. Be3 a6 5. Nf3 Nd7 6. Be2 b5 7. a3 Bb7 8. 0-0 Ngf6 9. Nd2 0-0 10. f4 c5 11. e5 cxd4 12. Bxd4 Nd5 13. Nxd5 Bxd5 14. Bf3 Bxf3 15. Nxf3 dxe5 16. fxe5 Qc7 17. Qe2 e6 18. Rf2 Qc4 19. Qe3 Qd5 20. Rd2 Qc6 21. Bc3 Qb6 22. Bd4 Qc6 23. Rad1 Rfc8 24. Bc3 Qc5 25. Bd4 Qc6 26. b4 h6 27. Bb2 Qb6 28. Bd4 Qc6 29. Kh1 Rc7 30. Qf2 Rac8 31. Ba1 Nf8 32. Bd4 Rd7 33. Bc5 Rxd2 34. Rxd2 Nd7 35. Rd6 Qc7 36. Rxa6 Nxc5 37. bxc5 Qxc5 38. Qe1 Qxc2 39. Rd6 Qc1 40. Rd1 Qxa3 41. Nd4 Qc5 42. Nf3 b4 43. h3 b3 44. Rb1 Rb8 45. Rc1 Qb6 46. Nd4 Qxd4 0-1

[Event "BCF-chT3S 1112 (4NCL)"]
[Site "England"]
[Date "2012.01.14"]
[Round "3.5"]
[White "Webster, Paul"]
[Black "French, Angus"]
[Result "1/2-1/2"]
[WhiteElo "2015"]
[BlackElo "2077"]
[PlyCount "42"]
[EventDate "2011.11.12"]
[EventType "team-swiss"]
[EventRounds "6"]
[EventCountry "ENG"]
[SourceTitle "EXT 2013"]
[Source "ChessBase"]
[SourceDate "2012.11.22"]
[SourceVersion "1"]
[SourceVersionDate "2012.11.22"]
[SourceQuality "1"]
[WhiteTeam "Warwicks Select II"]
[BlackTeam "Celtic Tigers"]
[WhiteTeamCountry "ENG"]
[BlackTeamCountry "ENG"]

1. d4 d5 2. Nf3 Nf6 3. Bf4 c5 4. e3 Nc6 5. c3 Qb6 6. Qc1 Bf5 7. Be2 h6 8. h3 e6 9. 0-0 Be7 10. dxc5 Bxc5 11. Nd4 Bh7 12. Nxc6 bxc6 13. Be5 Be7 14. c4 0-0 15. Nd2 Nd7 16. Bc3 Rab8 17. b3 Bf6 18. Bxf6 Nxf6 19. Qc3 Rfd8 20. Nf3 Ne4 21. Qe5 a5 1/2-1/2

[Event "BCF-chT1d 1011 (4NCL) Demotion pool"]
[Site "England"]
[Date "2011.05.01"]
[Round "10.17"]
[White "Savory, Richard J"]
[Black "Webster, Paul"]
[Result "1-0"]
[WhiteElo "2127"]
[BlackElo "2034"]
[PlyCount "69"]
[EventDate "2010.11.06"]
[EventType "team-tourn"]
[EventRounds "4"]
[EventCountry "ENG"]
[SourceTitle "EXT 2012"]
[Source "ChessBase"]
[SourceDate "2011.11.24"]
[SourceVersion "1"]
[SourceVersionDate "2011.11.24"]
[SourceQuality "1"]
[WhiteTeam "Sambuca Sharks"]
[BlackTeam "Warwicks Select"]
[WhiteTeamCountry "ENG"]
[BlackTeamCountry "ENG"]

1. e4 d5 2. exd5 Qxd5 3. Nc3 Qa5 4. Bc4 Nf6 5. Nge2 Bg4 6. h3 Bh5 7. 0-0 e6 8. Qe1 Bd6 9. d4 Bxe2 10. Qxe2 0-0 11. Nb5 a6 12. Nxd6 cxd6 13. Bf4 d5 14. Bd3 Nc6 15. c3 Qd8 16. b4 Ne7 17. Rfb1 Nf5 18. b5 a5 19. b6 Nd6 20. Qc2 Nc4 21. Qb3 Nd6 22. Qa3 Nfe8 23. Bb5 Nxb5 24. Rxb5 a4 25. Rab1 Ra6 26. Qb4 Qd7 27. Rc5 Qe7 28. Rc8 Qd7 29. Rb8 a3 30. Qc5 Ra4 31. Qb5 Qxb5 32. Rxb5 g5 33. Bh2 Rc4 34. Rc5 f5 35. Be5 1-0

[Event "BCF-chT1d 1011 (4NCL) Demotion pool"]
[Site "England"]
[Date "2011.04.30"]
[Round "9.17"]
[White "Webster, Paul"]
[Black "Moskovic, David M"]
[Result "0-1"]
[WhiteElo "2034"]
[BlackElo "2293"]
[PlyCount "84"]
[EventDate "2010.11.06"]
[EventType "team-tourn"]
[EventRounds "4"]
[EventCountry "ENG"]
[SourceTitle "EXT 2012"]
[Source "ChessBase"]
[SourceDate "2011.11.24"]
[SourceVersion "1"]
[SourceVersionDate "2011.11.24"]
[SourceQuality "1"]
[WhiteTeam "Warwicks Select"]
[BlackTeam "Cambridge"]
[WhiteTeamCountry "ENG"]
[BlackTeamCountry "ENG"]

1. d4 Nf6 2. Bf4 g6 3. Nf3 Bg7 4. e3 d6 5. Nbd2 Nh5 6. Bg3 Nxg3 7. hxg3 e5 8. c3 Nd7 9. Bc4 0-0 10. 0-0 Qe7 11. Qc2 c6 12. Bb3 Nf6 13. dxe5 dxe5 14. e4 Bg4 15. Nc4 Nh5 16. Nh2 Be6 17. Ne3 Bd7 18. Rad1 Rad8 19. Qe2 Nf6 20. Qc2 Bc8 21. Rxd8 Rxd8 22. Rd1 Rxd1+ 23. Nxd1 Qd6 24. Ne3 b5 25. a3 Bh6 26. Nhf1 Bd7 27. Ba2 a6 28. b4 Kg7 29. Bb1 Ng4 30. Nxg4 Bxg4 31. f3 Be6 32. Kf2 Qd8 33. a4 Bc4 34. axb5 axb5 35. Ne3 Bxe3+ 36. Kxe3 Qb6+ 37. Kd2 Qg1 38. Qd1 Qxg2+ 39. Ke3 Qxg3 40. Bd3 Qg5+ 41. Kf2 Qh4+ 42. Kg2 Qd8 0-1

[Event "BCF-chT2c 0910 (4NCL) Promotion pool"]
[Site "England"]
[Date "2010.05.02"]
[Round "10.8"]
[White "Webster, Paul"]
[Black "Haria, Ravi"]
[Result "1/2-1/2"]
[WhiteElo "2106"]
[BlackElo "1863"]
[PlyCount "79"]
[EventDate "2009.10.24"]
[EventType "team-tourn"]
[EventRounds "4"]
[EventCountry "ENG"]
[SourceTitle "EXT 2010"]
[Source "ChessBase"]
[SourceDate "2010.11.25"]
[SourceVersion "1"]
[SourceVersionDate "2010.11.25"]
[SourceQuality "1"]
[WhiteTeam "Warwicks Select"]
[BlackTeam "Kings Head"]
[WhiteTeamCountry "ENG"]
[BlackTeamCountry "ENG"]

1. d4 Nf6 2. Nf3 g6 3. Bf4 Bg7 4. e3 0-0 5. Bd3 d6 6. h3 c5 7. 0-0 Qb6 8. Qc1 Nd5 9. Bg5 cxd4 10. exd4 Nc6 11. c3 Be6 12. Na3 Rac8 13. Qd2 f6 14. Bh4 Bf7 15. Rfe1 e5 16. dxe5 dxe5 17. Bc4 Rfd8 18. Rad1 Na5 19. Nxe5 fxe5 20. Bxd8 Rxd8 21. Qg5 Bf6 22. Qc1 Nxc4 23. Nxc4 Qc7 24. Ne3 Nf4 25. Ng4 Bg7 26. Rxd8+ Qxd8 27. Qe3 Qd5 28. f3 h5 29. Nf2 Qxa2 30. g3 Ne6 31. b4 b6 32. Ne4 Qd5 33. Qe2 h4 34. Rd1 Qb3 35. gxh4 Nf4 36. Rd8+ Bf8 37. Qd2 Qb1+ 38. Qd1 Qa2 39. Qd2 Qb1+ 40. Qd1 1/2-1/2

[Event "BCF-chT2c 0910 (4NCL) Promotion pool"]
[Site "England"]
[Date "2010.03.28"]
[Round "8.6"]
[White "Webster, Paul"]
[Black "Sanders, Isaac B"]
[Result "1-0"]
[WhiteElo "2106"]
[BlackElo "1922"]
[PlyCount "53"]
[EventDate "2009.10.24"]
[EventType "team-tourn"]
[EventRounds "4"]
[EventCountry "ENG"]
[SourceTitle "EXT 2010"]
[Source "ChessBase"]
[SourceDate "2010.11.25"]
[SourceVersion "1"]
[SourceVersionDate "2010.11.25"]
[SourceQuality "1"]
[WhiteTeam "Warwicks Select"]
[BlackTeam "Barbican Youth"]
[WhiteTeamCountry "ENG"]
[BlackTeamCountry "ENG"]

1. d4 Nf6 2. Nf3 g6 3. Bf4 Bg7 4. e3 c5 5. c3 Qb6 6. Qc2 Nc6 7. Nbd2 d5 8. Ne5 Nh5 9. Nxc6 bxc6 10. Be5 f6 11. dxc5 Qxc5 12. Bd4 Qd6 13. Nb3 0-0 14. Bd3 f5 15. f4 Re8 16. Be2 e5 17. Bc5 Qc7 18. Bxh5 exf4 19. Be2 fxe3 20. 0-0-0 Bh6 21. Rde1 f4 22. Kb1 Rb8 23. Bd3 a5 24. Bxg6 hxg6 25. Qxg6+ Qg7 26. Qxe8+ Kh7 27. Qe7 1-0

[Event "BCF-chT3 0809 (4NCL)"]
[Site "Hinckley Island"]
[Date "2009.02.08"]
[Round "6.4"]
[White "McMahon, Paul"]
[Black "Webster, Paul"]
[Result "1-0"]
[WhiteElo "2045"]
[BlackElo "2095"]
[PlyCount "147"]
[EventDate "2008.10.18"]
[EventType "team-swiss"]
[EventRounds "11"]
[EventCountry "ENG"]
[SourceTitle "EXT 2010"]
[Source "ChessBase"]
[SourceDate "2010.11.25"]
[SourceVersion "1"]
[SourceVersionDate "2010.11.25"]
[SourceQuality "1"]
[WhiteTeam "Poisoned Pawns II"]
[BlackTeam "Warwicks Select II"]
[WhiteTeamCountry "ENG"]
[BlackTeamCountry "ENG"]

1. Nc3 d5 2. e4 d4 3. Nce2 Nc6 4. Ng3 e5 5. Bc4 Nf6 6. Nf3 h6 7. 0-0 Bd6 8. c3 0-0 9. b4 a6 10. a4 Bg4 11. h3 Be6 12. Bxe6 fxe6 13. Qb3 Qd7 14. Bb2 Kh7 15. cxd4 exd4 16. e5 Bxe5 17. Nxe5 Nxe5 18. Rae1 Qd6 19. f4 Nc6 20. Rxe6 Qd5 21. Qxd5 Nxd5 22. b5 axb5 23. axb5 Ra2 24. bxc6 Rxb2 25. cxb7 Rxb7 26. f5 Rb6 27. Re5 Nf6 28. Re7 Rc6 29. Rb1 Re8 30. Rbe1 Rxe7 31. Rxe7 Rc2 32. Nf1 c5 33. Kf2 c4 34. Ke1 Rc1+ 35. Kf2 Kg8 36. Ng3 Rc2 37. Ke1 d3 38. Nf1 Nd5 39. Re5 Rc1+ 40. Kf2 Nb4 41. Re1 Rc2 42. Rb1 Na2 43. Ke3 Nc1 44. Ng3 Nb3 45. Ne4 Ra2 46. g4 Kf8 47. h4 Ke7 48. g5 hxg5 49. hxg5 Ra8 50. Rh1 Rf8 51. f6+ gxf6 52. gxf6+ Ke6 53. Rh7 Kf5 54. Rh5+ Kg6 55. Rg5+ Kf7 56. Rg7+ Ke6 57. f7 Ke7 58. Ng5 Nc5 59. Rg8 Nd7 60. Kd4 Nb6 61. Rg6 Rd8+ 62. Kc3 Nd5+ 63. Kxc4 Nf6 64. Rxf6 Kxf6 65. f8Q+ Rxf8 66. Nh7+ Kg7 67. Nxf8 Kxf8 68. Kxd3 Ke7 69. Kd4 Kd6 70. d3 Ke7 71. Ke5 Ke8 72. Kd6 Kd8 73. d4 Ke8 74. Kc7 1-0

[Event "BCF-chT3 0809 (4NCL)"]
[Site "Hinckley Island"]
[Date "2008.10.18"]
[Round "1.1"]
[White "Webster, Paul"]
[Black "Smith, Andrew Philip"]
[Result "1/2-1/2"]
[WhiteElo "2095"]
[BlackElo "2191"]
[PlyCount "49"]
[EventDate "2008.10.18"]
[EventType "team-swiss"]
[EventRounds "11"]
[EventCountry "ENG"]
[SourceTitle "EXT 2010"]
[Source "ChessBase"]
[SourceDate "2010.11.25"]
[SourceVersion "1"]
[SourceVersionDate "2010.11.25"]
[SourceQuality "1"]
[WhiteTeam "Warwicks Select II"]
[BlackTeam "Leicester"]
[WhiteTeamCountry "ENG"]
[BlackTeamCountry "ENG"]

1. d4 Nf6 2. Nf3 g6 3. g3 Bg7 4. Bg2 0-0 5. 0-0 d5 6. Na3 Bf5 7. c4 Be4 8. b3 c5 9. Bb2 cxd4 10. Bxd4 Nc6 11. Bb2 dxc4 12. Nxc4 Qxd1 13. Rfxd1 Rfd8 14. Ncd2 Bd5 15. Nf1 a5 16. Ne3 Be4 17. Nd4 Bxg2 18. Kxg2 Nxd4 19. Bxd4 a4 20. Bb6 Rd7 21. Rac1 axb3 22. axb3 h5 23. Bc5 Rc8 24. Bb4 Rxc1 25. Rxc1 1/2-1/2